ပဋိစ္စသမုပ္ပါဒ်အခြေခံသင်တန်း/ (Record no. 16678)

000 -LEADER
fixed length control field 00963nam a2200205Ia 4500
003 - CONTROL NUMBER IDENTIFIER
control field OSt
005 - DATE AND TIME OF LATEST TRANSACTION
control field 20241120160346.0
007 - PHYSICAL DESCRIPTION FIXED FIELD--GENERAL INFORMATION
fixed length control field ca aa aaaaa
008 - FIXED-LENGTH DATA ELEMENTS--GENERAL INFORMATION
fixed length control field 201103s9999 xx 000 0 und d
040 ## - CATALOGING SOURCE
Transcribing agency SSBUL
041 ## - LANGUAGE CODE
Language code of text/sound track or separate title bur
082 ## - DEWEY DECIMAL CLASSIFICATION NUMBER
Classification number ၂၉၄.၃၈၂၄ တေ
Edition number 23
Item number ၉၁၁၅(၁) S-SAT
100 ## - MAIN ENTRY--PERSONAL NAME
Personal name တေဇိန္ဒ၊ ဘဒ္ဒန္တ(ကမ္မဋ္ဌာနစရိယ)
9 (RLIN) 17303
245 #0 - TITLE STATEMENT
Title ပဋိစ္စသမုပ္ပါဒ်အခြေခံသင်တန်း/
Statement of responsibility, etc. ဘဒ္ဒန္တတေဇိန္ဒ(ကမ္မဋ္ဌာနာစရိယ)
260 ## - PUBLICATION, DISTRIBUTION, ETC.
Place of publication, distribution, etc. ရန်ကုန် ၊
Name of publisher, distributor, etc. အသိုင်းအဝိုင်းစာပေ၊
Date of publication, distribution, etc. ၁၉၉၇။
300 ## - PHYSICAL DESCRIPTION
Extent ၁၆၉ စာမျက်နှာ၊
Other physical details ပုံများ၊
Dimensions ၁၈ စင်တီ။
500 ## - GENERAL NOTE
General note S-SAT: Dr. Sai Aung Tun Collection
650 ## - SUBJECT ADDED ENTRY--TOPICAL TERM
Topical term or geographic name entry element ပဋိစ္စသမုပါဒ်
9 (RLIN) 53286
942 ## - ADDED ENTRY ELEMENTS (KOHA)
Source of classification or shelving scheme
Koha item type Book (Short term)
Holdings
Withdrawn status Lost status Source of classification or shelving scheme Damaged status Not for loan Collection code Permanent Location Current Location Shelving location Date acquired Total Checkouts Full call number Barcode Date last seen Price effective from Koha item type Accession
          Special Collections Shan State Buddhist University Library Shan State Buddhist University Library Special Collection Shelves 15/02/2023   ၂၉၄.၃၈၂၄ တေ ၉၁၁၅(၁) S-SAT MB0009115 15/02/2023 15/02/2023 Book (Short term) ၉၁၁၅(၁) S-SAT
          Special Collections Shan State Buddhist University Library Shan State Buddhist University Library Special Collection Shelves 15/02/2023   ၂၉၄.၃၈၂၄ တေ ၉၁၁၆(၂) S-SAT MB00009116 20/11/2024 15/02/2023 Book (Short term) ၉၁၁၆(၂) S-SAT

Library - 09407999929
Admin Office - 09407999979
Dean Office - 09250910768
Registrar Office - 09892297154
Email - [email protected]
Shan State Buddhist University, Phaya Phyu Taunggyi, Shan State, Myanmar.